Tibetan gseb and cognate words

Elmentve itt :
Bibliográfiai részletek
Szerző: Simon Walter
Dokumentumtípus: Cikk
Megjelent: 1957
Sorozat:Bulletin of the School of Oriental Studies;Bulletin of the School of Oriental and African Studies
Kulcsszavak:Tibeti nyelv - szómagyarázat
Tárgyszavak:
Online Access:http://misc.bibl.u-szeged.hu/65786
LEADER 00835nab a2200241 i 4500
001 misc65786
005 20240910101213.0
008 240227s1957 hu o 000 eng d
040 |a SZTE Miscellanea Repozitórium  |b hun 
041 |a eng 
041 |a tib 
100 1 |a Simon Walter 
245 1 0 |a Tibetan gseb and cognate words  |h [elektronikus dokumentum] /  |c  Simon Walter 
260 |c 1957 
300 |a 523-532  |c 25 cm 
300 |a [10] p.  |c 25 cm 
490 0 |a Bulletin of the School of Oriental Studies;Bulletin of the School of Oriental and African Studies 
561 |a Németh Gyula hagyaték 
591 |a NOT 5583; LOT 3560; ROT 662 
650 4 |a Bölcsészettudományok 
650 4 |a Nyelvek és irodalom 
695 |a Tibeti nyelv - szómagyarázat 
856 4 0 |u http://misc.bibl.u-szeged.hu/65786/1/5583_not.pdf  |z Dokumentum-elérés